<?xml version="1.0" encoding="UTF-8"?>
<marc:record xmlns:marc="http://www.loc.gov/MARC21/slim">
   <marc:leader>00000nam a2200000 a 4500</marc:leader>
   <marc:datafield ind1="1" ind2=" " tag="100">
      <marc:subfield code="a">Hofrichter, Robert</marc:subfield>
      <marc:subfield code="4">aut</marc:subfield>
      <marc:subfield code="e">Verfasser/-in</marc:subfield>
   </marc:datafield>
   <marc:datafield ind1=" " ind2=" " tag="653">
      <marc:subfield code="a">Niedere Pflanzen (Spezielle Botanik)</marc:subfield>
   </marc:datafield>
   <marc:datafield ind1=" " ind2=" " tag="653">
      <marc:subfield code="a">Pilze</marc:subfield>
   </marc:datafield>
   <marc:datafield ind1="0" ind2="0" tag="245">
      <marc:subfield code="a">Das geheimnisvolle Leben der Pilze</marc:subfield>
   </marc:datafield>
   <marc:datafield ind1="0" ind2="0" tag="245">
      <marc:subfield code="b">Die faszinierenden Wunder einer verborgenen Welt</marc:subfield>
   </marc:datafield>
   <marc:datafield ind1=" " ind2="1" tag="264">
      <marc:subfield code="b">Gütersloher Verlagshaus</marc:subfield>
      <marc:subfield code="c">2017</marc:subfield>
   </marc:datafield>
   <marc:datafield ind1="1" ind2=" " tag="520">
      <marc:subfield code="a">»Pilze sind überall. Sie sind die wahren Herrscher der Welt!« (Robert Hofrichter)
Sie sind weder Pflanze noch Tier und leben meist im Verborgenen. Und dennoch: Ohne Pilze würde es unsere Wälder, unser Klima und vielleicht das Leben selbst nicht geben. Sie sind die Herren einer Welt voller atemberaubender Superlative, verblüffender Fakten, überraschender Partnerschaften und ungelöster Rätsel. Robert Hofrichter öffnet die Augen für das unsichtbare Öko-Universum, das sich unter unseren Füßen – und nicht nur dort! – erstreckt.
Natur ganz neu sehen
Für alle Leser von Peter Wohlleben
Faszination eines unbekannten Öko-Universums
Fakten, unglaubliche Phänomene und verblüffende Wahrheiten
</marc:subfield>
   </marc:datafield>
   <marc:datafield ind1=" " ind2=" " tag="020">
      <marc:subfield code="a">9783579086767</marc:subfield>
      <marc:subfield code="9">9783579086767</marc:subfield>
   </marc:datafield>
   <marc:datafield ind1="3" ind2=" " tag="024">
      <marc:subfield code="a">9783579086767</marc:subfield>
   </marc:datafield>
</marc:record>
